Normal view
MARC view
- عالم عربي - حضارة
Entry Topical Term
001 - CONTROL NUMBER
- control field: 46315
003 - CONTROL NUMBER IDENTIFIER
- control field: JO-AjAnu
005 - DATE AND TIME OF LATEST TRANSACTION
- control field: 20230606081644.0
008 - FIXED-LENGTH DATA ELEMENTS
- fixed length control field: 230606|| aca||aabn | a|a d
040 ## - CATALOGING SOURCE
- Original cataloging agency: JO-AjAnu
- Transcribing agency: JO-AjAnu
150 ## - HEADING--TOPICAL TERM
- Topical term or geographic name entry element: عالم عربي - حضارة
670 ## - SOURCE DATA FOUND
- Source citation: Work cat.: (JO-AjAnu)23706: حوار الكركي، خالد، حوار همام غضيب، حوار نبيل الشريف, author 46314, من أجل وحدة ثقافية عربية: حوار الشهر "10" مع أحمد كمال أبو المجد